000 01022 a2200253 4500
999 _c5528
_d5528
020 _a0792358538 (hb : alk. paper)
050 0 0 _aRA418.5T73BUI1999
245 0 0 _aBuilding bioethics :
_bconversations with Clouser and friends on medical ethics /
_cedited by Loretta M. Kopelman.
264 _aBoston:
_bKluwer Academic Publishers,
_c1999
300 _aviii, 250 p. :
440 0 _aPhilosophy and medicine ;
500 _aContains a portrait of K. Danner Clouser facing t. p.
504 _aIncludes bibliographical references and index.
650 0 _aMedical ethics
650 0 _aBioethics
650 1 2 _aEthics, Medical.
650 2 2 _aBioethics.
650 2 2 _aMorals.
856 4 2 _3Publisher description
_uhttp://www.loc.gov/catdir/enhancements/fy0823/99033415-d.html
856 4 1 _3Table of contents only
_uhttp://www.loc.gov/catdir/enhancements/fy0823/99033415-t.html
942 _2lcc
_cBK
_h418T73
_iBUI
_kRA